000
00308nam a2200133Ia 4500
008
191201s2012 xx 000 0 und d
100
_a
SCHAUMANN,Rolf
245
0
_a
Design of Analog Filters
250
_a
Rep
260
_a
N. Delhi
_b
Oxford
_c
2012
300
_a
737
650
_a
B.Tech(CE)
942
_2
ddc
_c
BK
999
_c
5590
_d
5590